[Event "Blitz 2018"]
[Site "Saint-Petersburg"]
[Date "2018.12.30"]
[Round "20"]
[Board "31"]
[White "Esipenko Andrey (RUS)"]
[Black "Popov Valerij (RUS)"]
[Result "1/2-1/2"]
[LiveChessVersion "1.4.8"]
[BlackElo "2574"]
[WhiteElo "2673"]

1. d4 {[%clk 0:03:03]} d5 {[%clk 0:03:04]} 2. Nf3 {[%clk 0:03:04]} Nf6
{[%clk 0:03:04]} 3. Bf4 {[%clk 0:03:05]} c5 {[%clk 0:03:01]} 4. e3
{[%clk 0:03:06]} e6 {[%clk 0:02:56]} 5. Nbd2 {[%clk 0:03:05]} Nc6
{[%clk 0:02:56]} 6. c3 {[%clk 0:03:06]} Bd6 {[%clk 0:02:57]} 7. Bg3
{[%clk 0:03:07]} O-O {[%clk 0:02:58]} 8. Bb5 {[%clk 0:03:09]} Be7
{[%clk 0:02:58]} 9. h3 {[%clk 0:02:57]} Qb6 {[%clk 0:02:57]} 10. Qa4
{[%clk 0:02:31]} Bd7 {[%clk 0:02:56]} 11. O-O {[%clk 0:02:26]} a6
{[%clk 0:02:56]} 12. Bxc6 {[%clk 0:02:27]} Bxc6 {[%clk 0:02:57]} 13. Qc2
{[%clk 0:02:26]} Rfc8 {[%clk 0:02:57]} 14. Rac1 {[%clk 0:02:23]} Be8
{[%clk 0:02:51]} 15. Bh4 {[%clk 0:02:20]} Qd8 {[%clk 0:02:44]} 16. Rfd1
{[%clk 0:02:09]} cxd4 {[%clk 0:02:41]} 17. exd4 {[%clk 0:02:08]} Nh5
{[%clk 0:02:36]} 18. Bxe7 {[%clk 0:02:06]} Qxe7 {[%clk 0:02:37]} 19. Qd3
{[%clk 0:01:58]} Nf4 {[%clk 0:02:33]} 20. Qe3 {[%clk 0:01:59]} Ng6
{[%clk 0:02:33]} 21. Re1 {[%clk 0:01:58]} a5 {[%clk 0:02:31]} 22. a3
{[%clk 0:01:52]} Qc7 {[%clk 0:02:26]} 23. g3 {[%clk 0:01:36]} Qb6
{[%clk 0:02:11]} 24. Rb1 {[%clk 0:01:36]} Ba4 {[%clk 0:02:12]} 25. Rec1
{[%clk 0:01:34]} Rc7 {[%clk 0:02:08]} 26. h4 {[%clk 0:01:34]} h6 {[%clk 0:02:08]}
27. h5 {[%clk 0:01:23]} Ne7 {[%clk 0:02:09]} 28. Ne5 {[%clk 0:01:22]} Rf8
{[%clk 0:01:56]} 29. Ndf3 {[%clk 0:01:09]} Bb3 {[%clk 0:01:57]} 30. Qd2
{[%clk 0:01:04]} Qd6 {[%clk 0:01:53]} 31. Re1 {[%clk 0:00:58]} b6
{[%clk 0:01:50]} 32. Kg2 {[%clk 0:00:58]} Bc4 {[%clk 0:01:43]} 33. Rbc1
{[%clk 0:00:47]} Ba6 {[%clk 0:01:45]} 34. Nh2 {[%clk 0:00:33]} Rfc8
{[%clk 0:01:39]} 35. Nhg4 {[%clk 0:00:31]} Nf5 {[%clk 0:01:39]} 36. Rcd1 b5 37.
Nd3 {[%clk 0:00:28]} b4 {[%clk 0:01:42]} 38. Nc5 {[%clk 0:00:21]} bxa3
{[%clk 0:01:43]} 39. bxa3 {[%clk 0:00:16]} Bc4 {[%clk 0:01:41]} 40. Rb1
{[%clk 0:00:17]} Rxc5 {[%clk 0:01:27]} 41. dxc5 {[%clk 0:00:18]} Qxc5
{[%clk 0:01:29]} 42. Ne5 {[%clk 0:00:17]} Ba6 {[%clk 0:01:28]} 43. a4
{[%clk 0:00:14]} Qc7 {[%clk 0:01:13]} 44. Qf4 {[%clk 0:00:13]} Nd6
{[%clk 0:01:08]} 45. Kh2 {[%clk 0:00:09]} Ne4 46. c4 Nf6 {[%clk 0:01:03]} 47.
cxd5 {[%clk 0:00:08]} Nxd5 48. Qd4 Qd8 {[%clk 0:01:00]} 49. Rec1 {[%clk 0:00:10]}
Rxc1 {[%clk 0:00:54]} 50. Rxc1 {[%clk 0:00:12]} Qg5 {[%clk 0:00:55]} 51. Rb1
{[%clk 0:00:12]} Qxh5+ {[%clk 0:00:56]} 52. Kg2 {[%clk 0:00:13]} Qe2
{[%clk 0:00:51]} 53. Nf3 {[%clk 0:00:08]} Kh7 {[%clk 0:00:47]} 54. Rb2
{[%clk 0:00:08]} Qf1+ {[%clk 0:00:47]} 55. Kh2 {[%clk 0:00:09]} Nf6
{[%clk 0:00:47]} 56. Ne5 {[%clk 0:00:10]} Be2 {[%clk 0:00:40]} 57. Qe3
{[%clk 0:00:07]} Bg4 {[%clk 0:00:35]} 58. Rd2 {[%clk 0:00:04]} Bf5
{[%clk 0:00:32]} 59. Qf3 {[%clk 0:00:04]} Be4 {[%clk 0:00:32]} 60. Rd1 Ng4+
{[%clk 0:00:25]} 61. Nxg4 {[%clk 0:00:04]} Bxf3 {[%clk 0:00:25]} 62. Re1 Bxg4
{[%clk 0:00:26]} 63. Rxf1 {[%clk 0:00:05]} Be2 {[%clk 0:00:21]} 64. Rb1
{[%clk 0:00:07]} Bd1 {[%clk 0:00:22]} 65. Rb5 {[%clk 0:00:06]} Bxa4
{[%clk 0:00:23]} 66. Rxa5 {[%clk 0:00:06]} Bc2 {[%clk 0:00:23]} 67. f3
{[%clk 0:00:08]} g5 {[%clk 0:00:22]} 68. Kg2 {[%clk 0:00:09]} Bg6
{[%clk 0:00:21]} 69. Kf2 {[%clk 0:00:08]} Kg7 {[%clk 0:00:22]} 70. Ke3
{[%clk 0:00:09]} Kf6 {[%clk 0:00:23]} 71. Ra8 {[%clk 0:00:07]} Bh5
{[%clk 0:00:24]} 72. Rh8 {[%clk 0:00:07]} Kg7 {[%clk 0:00:25]} 73. Ra8
{[%clk 0:00:06]} Bg6 {[%clk 0:00:24]} 74. Kd4 {[%clk 0:00:06]} Bh5
{[%clk 0:00:24]} 75. f4 {[%clk 0:00:05]} gxf4 {[%clk 0:00:24]} 76. gxf4
{[%clk 0:00:07]} Kf6 {[%clk 0:00:25]} 77. Ra5 {[%clk 0:00:08]} Bg4
{[%clk 0:00:25]} 78. Ke3 {[%clk 0:00:08]} Kg6 {[%clk 0:00:23]} 79. Kf2
{[%clk 0:00:08]} Bf5 {[%clk 0:00:17]} 80. Kg3 {[%clk 0:00:10]} Kf6
{[%clk 0:00:16]} 81. Kh4 {[%clk 0:00:10]} Bg6 {[%clk 0:00:17]} 82. Kg4
{[%clk 0:00:12]} Kg7 {[%clk 0:00:18]} 83. Ra8 {[%clk 0:00:11]} Be4
{[%clk 0:00:18]} 84. Ra1 {[%clk 0:00:12]} Kg6 {[%clk 0:00:18]} 85. Re1
{[%clk 0:00:12]} Bd5 {[%clk 0:00:18]} 86. Re5 {[%clk 0:00:11]} f6
{[%clk 0:00:19]} 87. Re1 {[%clk 0:00:11]} h5+ {[%clk 0:00:20]} 88. Kg3
{[%clk 0:00:09]} Kf5 {[%clk 0:00:20]} 89. Rf1 {[%clk 0:00:10]} Bc4
{[%clk 0:00:19]} 90. Rf2 {[%clk 0:00:11]} Ke4 {[%clk 0:00:13]} 91. Rh2
{[%clk 0:00:12]} e5 {[%clk 0:00:11]} 92. fxe5 {[%clk 0:00:10]} Kxe5
{[%clk 0:00:11]} 93. Rxh5+ {[%clk 0:00:11]} f5 {[%clk 0:00:13]} 94. Kf2
{[%clk 0:00:10]} Bd3 {[%clk 0:00:14]} 95. Rh8 {[%clk 0:00:09]} Kf4
{[%clk 0:00:13]} 96. Rd8 {[%clk 0:00:09]} Be4 {[%clk 0:00:14]} 97. Rd4
{[%clk 0:00:10]} Ke5 {[%clk 0:00:15]} 98. Ra4 {[%clk 0:00:12]} Kf4
{[%clk 0:00:17]} 99. Ra5 {[%clk 0:00:13]} Bd3 1/2-1/2

[Event "Blitz 2018"]
[Site "Saint-Petersburg"]
[Date "2018.12.30"]
[Round "20"]
[Board "32"]
[White "Tari Aryan (NOR)"]
[Black "Alekseenko Kirill (RUS)"]
[Result "0-1"]
[LiveChessVersion "1.4.8"]
[BlackElo "2665"]
[WhiteElo "2608"]

1. e4 {[%clk 0:03:03]} c5 {[%clk 0:03:03]} 2. Nf3 {[%clk 0:03:04]} Nc6
{[%clk 0:03:04]} 3. Bb5 {[%clk 0:03:01]} g6 {[%clk 0:03:05]} 4. O-O
{[%clk 0:02:51]} Bg7 {[%clk 0:03:06]} 5. Re1 {[%clk 0:02:52]} e5 {[%clk 0:03:04]}
6. c3 {[%clk 0:02:29]} Nge7 {[%clk 0:03:03]} 7. a4 {[%clk 0:02:13]} O-O 8. d3 d6
{[%clk 0:03:00]} 9. Bc4 {[%clk 0:02:11]} h6 {[%clk 0:02:57]} 10. Nbd2
{[%clk 0:02:00]} Kh7 {[%clk 0:02:57]} 11. Nf1 {[%clk 0:01:58]} f5
{[%clk 0:02:57]} 12. h3 {[%clk 0:01:55]} f4 {[%clk 0:02:41]} 13. b4
{[%clk 0:01:56]} g5 {[%clk 0:02:27]} 14. b5 {[%clk 0:01:52]} Na5 {[%clk 0:02:23]}
15. Ba2 {[%clk 0:01:52]} b6 {[%clk 0:01:49]} 16. d4 {[%clk 0:01:38]} Qc7
{[%clk 0:01:48]} 17. dxe5 {[%clk 0:01:12]} dxe5 {[%clk 0:01:49]} 18. N3h2
{[%clk 0:01:13]} c4 {[%clk 0:01:45]} 19. Ba3 {[%clk 0:01:13]} Rd8
{[%clk 0:01:41]} 20. Qh5 {[%clk 0:01:14]} Ng8 {[%clk 0:01:20]} 21. Rad1
{[%clk 0:00:46]} Be6 {[%clk 0:01:17]} 22. Qe2 {[%clk 0:00:42]} Nf6
{[%clk 0:01:16]} 23. Ng4 {[%clk 0:00:42]} Nxg4 {[%clk 0:01:03]} 24. hxg4
{[%clk 0:00:44]} Bf8 {[%clk 0:00:55]} 25. Bxf8 {[%clk 0:00:41]} Rxf8
{[%clk 0:00:56]} 26. Nh2 {[%clk 0:00:31]} Rfd8 {[%clk 0:00:49]} 27. Qb2
{[%clk 0:00:29]} Qc5 {[%clk 0:00:45]} 28. Rd2 {[%clk 0:00:30]} Kg7
{[%clk 0:00:41]} 29. Red1 {[%clk 0:00:31]} Rxd2 {[%clk 0:00:41]} 30. Qxd2
{[%clk 0:00:32]} Nb3 {[%clk 0:00:36]} 31. Qe2 {[%clk 0:00:29]} Kf6
{[%clk 0:00:35]} 32. Nf1 {[%clk 0:00:27]} Rc8 {[%clk 0:00:36]} 33. Nd2
{[%clk 0:00:25]} Nxd2 {[%clk 0:00:26]} 34. Rxd2 {[%clk 0:00:26]} Ke7
{[%clk 0:00:26]} 35. Rb2 {[%clk 0:00:18]} Rd8 {[%clk 0:00:23]} 36. Kh2
{[%clk 0:00:16]} Rd3 {[%clk 0:00:21]} 37. Rd2 {[%clk 0:00:09]} Bxg4
{[%clk 0:00:14]} 38. Qe1 {[%clk 0:00:09]} Rxd2 {[%clk 0:00:11]} 39. Qxd2
{[%clk 0:00:11]} Be6 {[%clk 0:00:12]} 40. Bb1 {[%clk 0:00:12]} Qd6
{[%clk 0:00:12]} 41. Qe2 {[%clk 0:00:12]} g4 {[%clk 0:00:13]} 42. Ba2
{[%clk 0:00:11]} Qc5 {[%clk 0:00:14]} 43. g3 {[%clk 0:00:11]} h5 {[%clk 0:00:15]}
44. Qd2 {[%clk 0:00:12]} Qd6 {[%clk 0:00:13]} 45. Qc1 {[%clk 0:00:13]} Qd3
{[%clk 0:00:10]} 46. gxf4 {[%clk 0:00:13]} Qh3+ {[%clk 0:00:09]} 47. Kg1
{[%clk 0:00:14]} g3 {[%clk 0:00:10]} 48. fxg3 {[%clk 0:00:08]} Qxg3+
{[%clk 0:00:11]} 49. Kf1 {[%clk 0:00:09]} Bh3+ 50. Ke2 Bg4+ {[%clk 0:00:09]} 51.
Kf1 {[%clk 0:00:08]} exf4 {[%clk 0:00:05]} 52. Qa3+ {[%clk 0:00:08]} Kd7
{[%clk 0:00:06]} 53. Bxc4 {[%clk 0:00:08]} Bh3+ {[%clk 0:00:07]} 54. Ke2
{[%clk 0:00:09]} f3+ {[%clk 0:00:06]} 55. Kd2 {[%clk 0:00:10]} Qf4+
{[%clk 0:00:06]} 56. Kc2 {[%clk 0:00:11]} f2 {[%clk 0:00:05]} 57. Qa1
{[%clk 0:00:09]} f1=Q {[%clk 0:00:04]} 58. Bxf1 {[%clk 0:00:09]} Qxf1
{[%clk 0:00:04]} 59. Qa3 {[%clk 0:00:09]} Qe2+ {[%clk 0:00:04]} 60. Kc1
{[%clk 0:00:09]} Qe3+ {[%clk 0:00:05]} 61. Kb2 {[%clk 0:00:09]} Qd2+
{[%clk 0:00:06]} 62. Ka1 {[%clk 0:00:11]} Qe1+ {[%clk 0:00:06]} 63. Kb2
{[%clk 0:00:12]} Qxe4 {[%clk 0:00:06]} 64. a5 {[%clk 0:00:14]} Qe2+
{[%clk 0:00:06]} 65. Ka1 {[%clk 0:00:15]} Qf1+ {[%clk 0:00:07]} 66. Kb2
{[%clk 0:00:13]} Qxb5+ {[%clk 0:00:07]} 67. Kc1 {[%clk 0:00:14]} Qg5+
{[%clk 0:00:07]} 68. Kb2 {[%clk 0:00:15]} Qd2+ {[%clk 0:00:08]} 69. Ka1
{[%clk 0:00:16]} Qd6 {[%clk 0:00:07]} 70. Qb3 {[%clk 0:00:17]} Be6
{[%clk 0:00:08]} 71. Qb5+ {[%clk 0:00:18]} Kc7 {[%clk 0:00:08]} 72. Qxh5
{[%clk 0:00:15]} Qa3+ {[%clk 0:00:08]} 73. Kb1 {[%clk 0:00:17]} Qb3+
{[%clk 0:00:09]} 74. Kc1 {[%clk 0:00:18]} Qxc3+ {[%clk 0:00:10]} 75. Kb1
{[%clk 0:00:19]} Qb4+ {[%clk 0:00:11]} 76. Ka1 {[%clk 0:00:20]} Qa3+
{[%clk 0:00:08]} 77. Kb1 {[%clk 0:00:22]} Ba2+ {[%clk 0:00:08]} 78. Kc2
{[%clk 0:00:23]} Bb3+ {[%clk 0:00:09]} 79. Kd2 {[%clk 0:00:23]} Qb2+
{[%clk 0:00:10]} 80. Kd3 {[%clk 0:00:23]} Qc2+ {[%clk 0:00:11]} 81. Kd4
{[%clk 0:00:24]} Qd1+ {[%clk 0:00:10]} 82. Kc3 {[%clk 0:00:26]} Qxh5
{[%clk 0:00:10]} 0-1

[Event "Blitz 2018"]
[Site "Saint-Petersburg"]
[Date "2018.12.30"]
[Round "20"]
[Board "33"]
[White "Fridman Daniel (GER)"]
[Black "Sargissian Gabriel (ARM)"]
[Result "1/2-1/2"]
[LiveChessVersion "1.4.8"]
[BlackElo "2651"]
[WhiteElo "2530"]

1. g3 {[%clk 0:03:03]} d5 {[%clk 0:03:03]} 2. Bg2 {[%clk 0:03:04]} c6
{[%clk 0:03:04]} 3. Nf3 {[%clk 0:03:04]} Bg4 {[%clk 0:03:04]} 4. d3
{[%clk 0:03:04]} Nf6 {[%clk 0:03:04]} 5. O-O {[%clk 0:03:05]} e6 {[%clk 0:03:05]}
6. Nbd2 {[%clk 0:03:06]} Be7 {[%clk 0:03:06]} 7. b3 {[%clk 0:03:06]} O-O
{[%clk 0:03:06]} 8. Bb2 {[%clk 0:03:08]} a5 {[%clk 0:03:07]} 9. a3
{[%clk 0:03:08]} Nbd7 {[%clk 0:03:06]} 10. c4 {[%clk 0:03:08]} Bd6
{[%clk 0:03:04]} 11. Qc2 {[%clk 0:03:09]} Qe7 {[%clk 0:03:05]} 12. e4 dxe4
{[%clk 0:03:03]} 13. dxe4 {[%clk 0:03:04]} e5 {[%clk 0:03:04]} 14. Nh4
{[%clk 0:03:02]} Rfe8 {[%clk 0:02:53]} 15. h3 {[%clk 0:02:50]} Be6
{[%clk 0:02:53]} 16. Nf5 {[%clk 0:02:46]} Bxf5 {[%clk 0:02:53]} 17. exf5
{[%clk 0:02:47]} e4 {[%clk 0:02:07]} 18. Rfe1 {[%clk 0:02:15]} Nc5
{[%clk 0:02:08]} 19. Re2 {[%clk 0:01:36]} Be5 {[%clk 0:02:02]} 20. Bxe5
{[%clk 0:01:15]} Qxe5 {[%clk 0:02:02]} 21. Rae1 {[%clk 0:01:15]} Qxf5
{[%clk 0:01:33]} 22. g4 {[%clk 0:01:16]} Qf4 {[%clk 0:01:25]} 23. Nxe4
{[%clk 0:01:17]} Ncxe4 {[%clk 0:01:25]} 24. Bxe4 {[%clk 0:01:17]} g6
{[%clk 0:01:11]} 25. Bg2 {[%clk 0:01:13]} Rxe2 {[%clk 0:01:10]} 26. Rxe2
{[%clk 0:01:14]} Rd8 {[%clk 0:01:08]} 27. Re3 {[%clk 0:01:00]} Kg7
{[%clk 0:01:04]} 28. Bf3 {[%clk 0:00:57]} Rd4 {[%clk 0:01:01]} 29. Kg2
{[%clk 0:00:57]} h5 {[%clk 0:00:55]} 30. gxh5 {[%clk 0:00:55]} Qg5+
{[%clk 0:00:54]} 31. Kf1 {[%clk 0:00:55]} Nxh5 {[%clk 0:00:43]} 32. Qc3
{[%clk 0:00:56]} c5 {[%clk 0:00:43]} 33. Bxh5 {[%clk 0:00:57]} Qxh5
{[%clk 0:00:44]} 34. Rd3 {[%clk 0:00:46]} Qe5 {[%clk 0:00:32]} 35. Rxd4
{[%clk 0:00:47]} cxd4 {[%clk 0:00:33]} 36. Qd3 {[%clk 0:00:48]} Qc5
{[%clk 0:00:34]} 37. b4 {[%clk 0:00:49]} axb4 {[%clk 0:00:35]} 38. axb4
{[%clk 0:00:50]} Qxb4 {[%clk 0:00:35]} 39. Qxd4+ {[%clk 0:00:51]} Kg8
{[%clk 0:00:35]} 40. Kg2 {[%clk 0:00:50]} Qb3 {[%clk 0:00:31]} 41. Qd5
{[%clk 0:00:51]} Qc3 {[%clk 0:00:28]} 42. h4 {[%clk 0:00:51]} Kg7
{[%clk 0:00:29]} 43. h5 {[%clk 0:00:40]} gxh5 {[%clk 0:00:27]} 44. Qg5+
{[%clk 0:00:40]} Kf8 {[%clk 0:00:27]} 45. Qd8+ {[%clk 0:00:41]} Kg7
{[%clk 0:00:28]} 46. Qg5+ 1/2-1/2

[Event "Blitz 2018"]
[Site "Saint-Petersburg"]
[Date "2018.12.30"]
[Round "20"]
[Board "34"]
[White "Salem A.R. Saleh (UAE)"]
[Black "Najer Evgeniy (RUS)"]
[Result "1-0"]
[LiveChessVersion "1.4.8"]
[BlackElo "2573"]
[WhiteElo "2645"]

1. d4 {[%clk 0:03:03]} Nf6 {[%clk 0:03:03]} 2. c4 {[%clk 0:03:03]} e6
{[%clk 0:03:04]} 3. Nc3 {[%clk 0:03:04]} Bb4 {[%clk 0:03:06]} 4. e3
{[%clk 0:03:05]} O-O {[%clk 0:03:05]} 5. Bd3 {[%clk 0:03:07]} d5 {[%clk 0:03:06]}
6. Nf3 {[%clk 0:03:07]} b6 {[%clk 0:03:04]} 7. O-O {[%clk 0:03:07]} Bb7
{[%clk 0:03:06]} 8. cxd5 {[%clk 0:03:04]} exd5 {[%clk 0:03:07]} 9. a3
{[%clk 0:03:05]} Bd6 {[%clk 0:03:06]} 10. b4 {[%clk 0:03:06]} Nbd7
{[%clk 0:03:07]} 11. Qb3 {[%clk 0:03:06]} Re8 {[%clk 0:02:50]} 12. a4
{[%clk 0:02:49]} Rb8 {[%clk 0:02:15]} 13. Nb5 {[%clk 0:02:48]} Bf8
{[%clk 0:01:55]} 14. Nxa7 {[%clk 0:02:26]} c6 {[%clk 0:01:39]} 15. b5
{[%clk 0:02:24]} c5 {[%clk 0:01:40]} 16. Nc6 {[%clk 0:02:11]} Bxc6
{[%clk 0:01:16]} 17. bxc6 {[%clk 0:02:11]} c4 {[%clk 0:01:17]} 18. Qb5
{[%clk 0:02:07]} cxd3 {[%clk 0:01:07]} 19. cxd7 {[%clk 0:02:07]} Qxd7
{[%clk 0:01:08]} 20. Qxd3 {[%clk 0:02:07]} Ra8 {[%clk 0:01:09]} 21. Ne5
{[%clk 0:01:56]} Qe6 {[%clk 0:01:02]} 22. Bd2 {[%clk 0:01:53]} Ne4
{[%clk 0:01:02]} 23. Rfb1 {[%clk 0:01:51]} f6 {[%clk 0:01:02]} 24. Nf3
{[%clk 0:01:51]} g5 {[%clk 0:00:58]} 25. Be1 {[%clk 0:01:44]} Rec8
{[%clk 0:00:57]} 26. Nd2 {[%clk 0:01:35]} Nc3 {[%clk 0:00:45]} 27. Rc1
{[%clk 0:01:31]} Nxa4 {[%clk 0:00:38]} 28. Rxc8 {[%clk 0:01:22]} Qxc8
{[%clk 0:00:39]} 29. Qb3 {[%clk 0:01:22]} Qc6 {[%clk 0:00:40]} 30. Nf1
{[%clk 0:00:52]} Qc4 {[%clk 0:00:37]} 31. Qb1 {[%clk 0:00:53]} b5
{[%clk 0:00:35]} 32. Qf5 {[%clk 0:00:48]} Qc6 {[%clk 0:00:35]} 33. Ng3
{[%clk 0:00:44]} Nb6 {[%clk 0:00:34]} 34. Rxa8 {[%clk 0:00:36]} Nxa8
{[%clk 0:00:35]} 35. Nh5 {[%clk 0:00:35]} Be7 {[%clk 0:00:36]} 36. h4
{[%clk 0:00:31]} Qc1 {[%clk 0:00:16]} 37. Qxd5+ {[%clk 0:00:27]} Kf8
{[%clk 0:00:14]} 38. Qxa8+ {[%clk 0:00:27]} Kf7 {[%clk 0:00:14]} 39. Qd5+
{[%clk 0:00:20]} Kg6 {[%clk 0:00:11]} 40. g4 {[%clk 0:00:21]} Qxe1+
{[%clk 0:00:10]} 41. Kg2 {[%clk 0:00:22]} 1-0

[Event "Blitz 2018"]
[Site "Saint-Petersburg"]
[Date "2018.12.30"]
[Round "20"]
[Board "36"]
[White "Petrosian Tigran L. (ARM)"]
[Black "Vishnu Prasanna. V (IND)"]
[Result "1-0"]
[LiveChessVersion "1.4.8"]
[BlackElo "2519"]
[WhiteElo "2700"]

1. Nf3 {[%clk 0:03:02]} d5 {[%clk 0:03:03]} 2. g3 {[%clk 0:03:03]} Nf6 3. Bg2 e6
{[%clk 0:03:05]} 4. O-O {[%clk 0:03:04]} Be7 {[%clk 0:03:06]} 5. d3
{[%clk 0:03:06]} O-O {[%clk 0:03:06]} 6. Nbd2 {[%clk 0:03:07]} Nc6
{[%clk 0:03:06]} 7. e4 {[%clk 0:03:08]} dxe4 {[%clk 0:03:05]} 8. dxe4
{[%clk 0:03:09]} e5 {[%clk 0:03:03]} 9. c3 {[%clk 0:03:10]} Be6 {[%clk 0:02:55]}
10. Qe2 {[%clk 0:03:11]} Nd7 {[%clk 0:02:55]} 11. Rd1 {[%clk 0:03:07]} f6
{[%clk 0:02:54]} 12. Nc4 {[%clk 0:03:07]} Qe8 {[%clk 0:02:53]} 13. Ne3
{[%clk 0:03:07]} Qf7 {[%clk 0:02:41]} 14. Nd5 {[%clk 0:03:07]} Bd6
{[%clk 0:02:41]} 15. Be3 {[%clk 0:03:03]} Rad8 {[%clk 0:02:37]} 16. b4
{[%clk 0:03:03]} Nb6 {[%clk 0:02:32]} 17. a4 {[%clk 0:02:47]} Nxd5
{[%clk 0:02:10]} 18. exd5 {[%clk 0:02:47]} Bxd5 {[%clk 0:02:11]} 19. Ng5
{[%clk 0:01:56]} Bc4 {[%clk 0:02:11]} 20. Nxf7 {[%clk 0:01:54]} Bxe2
{[%clk 0:02:11]} 21. Nxd8 {[%clk 0:01:53]} Nxd8 {[%clk 0:02:03]} 22. Rd2
{[%clk 0:01:50]} Bc4 {[%clk 0:02:02]} 23. Bxa7 {[%clk 0:01:49]} Kf7
{[%clk 0:01:49]} 24. Be3 {[%clk 0:01:45]} Ke7 {[%clk 0:01:49]} 25. Bd5
{[%clk 0:01:44]} Bxd5 {[%clk 0:01:42]} 26. Rxd5 {[%clk 0:01:45]} Ne6
{[%clk 0:01:39]} 27. a5 {[%clk 0:01:44]} c6 {[%clk 0:01:38]} 28. Rd2
{[%clk 0:01:44]} Nc7 {[%clk 0:01:28]} 29. Rxd6 {[%clk 0:01:45]} 1-0

[Event "Blitz 2018"]
[Site "Saint-Petersburg"]
[Date "2018.12.30"]
[Round "20"]
[Board "37"]
[White "Grachev Boris (RUS)"]
[Black "Shirov Alexei (ESP)"]
[Result "1/2-1/2"]
[LiveChessVersion "1.4.8"]
[BlackElo "2699"]
[WhiteElo "2571"]

1. d4 {[%clk 0:03:02]} d5 {[%clk 0:03:03]} 2. Nf3 {[%clk 0:03:02]} Nf6
{[%clk 0:03:03]} 3. Bf4 {[%clk 0:03:03]} c5 {[%clk 0:03:03]} 4. e3
{[%clk 0:03:04]} cxd4 {[%clk 0:03:02]} 5. exd4 {[%clk 0:03:05]} Nc6
{[%clk 0:03:03]} 6. c3 {[%clk 0:03:05]} Bf5 {[%clk 0:03:03]} 7. Qb3
{[%clk 0:02:56]} Qc8 {[%clk 0:03:04]} 8. Nbd2 {[%clk 0:02:56]} h6
{[%clk 0:03:04]} 9. h3 {[%clk 0:02:57]} e6 {[%clk 0:03:04]} 10. Be2
{[%clk 0:02:57]} Be7 {[%clk 0:03:05]} 11. O-O {[%clk 0:02:58]} O-O
{[%clk 0:03:06]} 12. Rfe1 {[%clk 0:02:54]} Ne4 {[%clk 0:03:06]} 13. Nxe4
{[%clk 0:02:54]} Bxe4 {[%clk 0:03:06]} 14. Nd2 {[%clk 0:02:54]} Bg6
{[%clk 0:03:07]} 15. a4 {[%clk 0:02:38]} a5 {[%clk 0:03:08]} 16. Nb1
{[%clk 0:02:16]} Rd8 {[%clk 0:02:54]} 17. Na3 {[%clk 0:02:15]} Bd6
{[%clk 0:02:54]} 18. Bxd6 {[%clk 0:02:15]} Rxd6 {[%clk 0:02:54]} 19. Nb5
{[%clk 0:02:15]} Rd8 {[%clk 0:02:52]} 20. Qd1 {[%clk 0:02:15]} Qd7
{[%clk 0:02:36]} 21. Bd3 {[%clk 0:02:09]} Bxd3 {[%clk 0:02:31]} 22. Qxd3
{[%clk 0:02:09]} Na7 {[%clk 0:02:32]} 23. Nxa7 {[%clk 0:01:19]} Rxa7
{[%clk 0:02:33]} 24. Ra3 {[%clk 0:01:19]} Rc8 {[%clk 0:02:32]} 25. Rea1
{[%clk 0:01:07]} Rc4 {[%clk 0:02:32]} 26. Qg3 {[%clk 0:01:08]} Ra8
{[%clk 0:02:29]} 27. Rb3 {[%clk 0:01:06]} Rxa4 {[%clk 0:02:12]} 28. Rxa4
{[%clk 0:01:05]} Qxa4 {[%clk 0:02:10]} 29. Rxb7 {[%clk 0:01:06]} Qe8
{[%clk 0:01:55]} 30. Qd6 {[%clk 0:01:00]} a4 {[%clk 0:01:48]} 31. g3
{[%clk 0:00:56]} Qf8 {[%clk 0:01:39]} 32. Qc7 {[%clk 0:00:33]} Rc8
{[%clk 0:01:34]} 33. Qa5 {[%clk 0:00:26]} Ra8 {[%clk 0:01:33]} 34. Qc7
{[%clk 0:00:27]} Rc8 {[%clk 0:01:22]} 35. Qd7 {[%clk 0:00:21]} Ra8
{[%clk 0:01:18]} 36. Rc7 {[%clk 0:00:07]} Rb8 {[%clk 0:01:09]} 37. Kg2
{[%clk 0:00:09]} Qe8 {[%clk 0:01:04]} 38. Qxe8+ {[%clk 0:00:05]} Rxe8
{[%clk 0:01:05]} 39. Rb7 {[%clk 0:00:05]} Rc8 {[%clk 0:00:58]} 40. Ra7
{[%clk 0:00:04]} Rb8 {[%clk 0:00:55]} 41. Rxa4 {[%clk 0:00:05]} Rxb2
{[%clk 0:00:56]} 42. Ra7 {[%clk 0:00:06]} g5 {[%clk 0:00:54]} 43. Rc7
{[%clk 0:00:05]} Rc2 {[%clk 0:00:54]} 44. Kf3 {[%clk 0:00:05]} Kg7
{[%clk 0:00:55]} 45. Ke3 {[%clk 0:00:06]} Kg6 {[%clk 0:00:53]} 46. g4
{[%clk 0:00:06]} Rc1 {[%clk 0:00:53]} 47. Kf3 {[%clk 0:00:07]} Rh1
{[%clk 0:00:52]} 48. Kg2 {[%clk 0:00:08]} Rd1 {[%clk 0:00:52]} 49. Rc5
{[%clk 0:00:06]} Rd3 {[%clk 0:00:53]} 50. Rc6 {[%clk 0:00:07]} h5
{[%clk 0:00:53]} 51. Rc8 {[%clk 0:00:07]} h4 {[%clk 0:00:46]} 52. Rg8+
{[%clk 0:00:07]} Kf6 {[%clk 0:00:46]} 53. Rc8 {[%clk 0:00:08]} Kg7
{[%clk 0:00:46]} 54. Rc5 {[%clk 0:00:08]} Kg6 {[%clk 0:00:40]} 55. Rc6
{[%clk 0:00:09]} Rd2 {[%clk 0:00:37]} 56. Kf3 {[%clk 0:00:10]} Rd1
{[%clk 0:00:38]} 57. Kg2 {[%clk 0:00:10]} Rd3 {[%clk 0:00:39]} 58. Rc8
{[%clk 0:00:11]} f5 {[%clk 0:00:39]} 59. Rg8+ {[%clk 0:00:10]} Kf6
{[%clk 0:00:39]} 60. gxf5 {[%clk 0:00:09]} Kxf5 {[%clk 0:00:40]} 61. Rc8
{[%clk 0:00:08]} Kf6 {[%clk 0:00:29]} 62. Rc7 {[%clk 0:00:09]} Rd2
{[%clk 0:00:26]} 63. Kf3 {[%clk 0:00:09]} Rd1 {[%clk 0:00:26]} 64. Kg2
{[%clk 0:00:10]} Rd3 {[%clk 0:00:26]} 65. Kh2 {[%clk 0:00:10]} Kf5
{[%clk 0:00:24]} 66. Kg2 {[%clk 0:00:10]} g4 {[%clk 0:00:25]} 67. hxg4+
{[%clk 0:00:07]} Kxg4 {[%clk 0:00:26]} 68. Rg7+ {[%clk 0:00:07]} Kf5
{[%clk 0:00:26]} 69. Rh7 {[%clk 0:00:07]} Kg5 {[%clk 0:00:17]} 70. Rg7+
{[%clk 0:00:07]} Kf4 {[%clk 0:00:16]} 71. Rh7 {[%clk 0:00:07]} h3+
{[%clk 0:00:16]} 72. Rxh3 {[%clk 0:00:04]} Rd2 {[%clk 0:00:08]} 73. Re3
{[%clk 0:00:05]} Kf5 {[%clk 0:00:09]} 74. Re5+ {[%clk 0:00:05]} Kf6
{[%clk 0:00:10]} 75. Re3 {[%clk 0:00:06]} Rc2 {[%clk 0:00:11]} 76. Kg3
{[%clk 0:00:07]} Kf5 {[%clk 0:00:12]} 77. Rf3+ {[%clk 0:00:08]} Kg5
{[%clk 0:00:13]} 78. Rd3 {[%clk 0:00:07]} Kf5 {[%clk 0:00:14]} 79. Re3
{[%clk 0:00:08]} Kf6 {[%clk 0:00:15]} 80. f3 {[%clk 0:00:07]} Kf5
{[%clk 0:00:16]} 81. Re5+ {[%clk 0:00:08]} Kf6 {[%clk 0:00:17]} 82. Re3
{[%clk 0:00:10]} Kf5 {[%clk 0:00:19]} 83. Rd3 {[%clk 0:00:11]} Re2
{[%clk 0:00:19]} 84. Rd1 {[%clk 0:00:11]} Rc2 {[%clk 0:00:20]} 85. Rd3
{[%clk 0:00:06]} Ke5 1/2-1/2